| 000 | 00843nam a2200229Ii 4500 | ||
|---|---|---|---|
| 003 | JO-AjNU | ||
| 008 | 230605s9999||||xx |||||||||||||| ||und|| | ||
| 017 | _a2009/5/1662 | ||
| 020 | _a978-9957-07-666-5 | ||
| 040 |
_aJO-AjNU _bara _erda _cJO-AjNU |
||
| 041 | _aara | ||
| 050 | 1 | 4 | _aBP639.32.A99 2014 |
| 100 | 3 |
_aالعيادي، حمد صبحي, _eauthor _945010 |
|
| 245 | 0 | 0 | _aأدوات الإستثمار الإسلامية :البيوع-القروض-الخدمات المصرفية |
| 250 | _aط2 | ||
| 264 | 3 | 1 | _aعمان:دار الفكر ناشرون وموزعون ، 2014 |
| 300 | _a296ص | ||
| 336 |
_atext _btxt _2rdacontent |
||
| 337 |
_aunmediated _bn _2rdamedia |
||
| 338 |
_avolume _bnc _2rdacarrier |
||
| 650 | 4 |
_aالاستثمار المالي-الاقتصاد الاسلامي-البنوك الاسلامية _945011 |
|
| 999 |
_aA19480 _c23048 _d23048 |
||